Statistiques concernant Pays qui cultivent le plus de pommes

Cliquez ici pour prendre le quiz!

Statistiques générales

  • Ce quiz a été pris 94 fois
  • Le résultat moyen est 9 sur 12

Statistiques - réponses

TonnesPays% Correct
1.75 milFrance
99%
42.4 milChine
97%
4.99 milÉtats-Unis
96%
1.95 milRussie
92%
2.30 milItalie
91%
1.22 milBrésil
83%
2.31 milInde
78%
3.08 milPologne
66%
3.61 milTurquie
63%
1.15 milUkraine
60%
1.62 milChili
35%
2.24 milIran
35%

Distribution des résultats

Percentile par nombre de réponses

% des personnes avec chaque résultat

Votre développement - résultats

Vous n’avez pas pris ce quiz